New directions for social work practice /

Bibliographic Details
Main Author: Specht, Harry
Format: Book
Language:English
Published: Englewood Cliffs, N.J. : Prentice Hall, [1988]
Subjects:

MARC

Tag First Indicator Second Indicator Subfields
LEADER 00000cam a2200000 a 4500
001 in00000031016
005 20151007054929.0
008 871013s1988 njua b 00110 eng
010 |a  87030455  
020 |a 0136124747 :  |c $25.00 
035 |a (OCoLC)16923266 
035 |9 AAB6690AM 
040 |a DLC  |c DLC  |d TXA  |d UtOrBLW 
043 |a n-us--- 
049 |a TXAM  |c [A11504488] 
050 0 0 |a HV91  |b .S629 1988 
082 0 |a 361.3/2  |2 19 
100 1 |a Specht, Harry. 
245 1 0 |a New directions for social work practice /  |c Harry Specht. 
264 1 |a Englewood Cliffs, N.J. :  |b Prentice Hall,  |c [1988] 
264 4 |c ©1988 
300 |a xvii, 295 pages :  |b illustrations ;  |c 24 cm. 
336 |a text  |b txt  |2 rdacontent 
337 |a unmediated  |b n  |2 rdamedia 
338 |a volume  |b nc  |2 rdacarrier 
504 |a Includes bibliographies and indexes. 
650 0 |a Social service  |z United States. 
650 0 |a Social workers  |z United States. 
650 0 |a Psychiatric social work  |z United States. 
650 0 |a Interpersonal relations. 
999 |a MARS 
999 f f |s 439ba66a-e6e3-37db-ab64-acf72083e40f  |i 81a24e47-605c-3477-983d-1ba1e4187bbf  |t 0 
952 f f |p ric  |a Texas A&M University  |b Rellis Campus  |c Joint Library Facility  |d Remote Storage  |t 0  |e HV91 .S629 1988  |h Library of Congress classification  |i unmediated -- volume  |m A14811504488 
998 f f |a HV91 .S629 1988  |t 0  |l Remote Storage